| 000 | 00342nam a2200145 a 4500 | ||
|---|---|---|---|
| 001 | 478 | ||
| 003 | CDMR | ||
| 005 | 20130306111621.0 | ||
| 008 | 130130s1990||||||||||||||||||||||||||||d | ||
| 040 |
_aCDMR _bcat _cCDMR |
||
| 100 | 1 |
_aSalom, Lluís _9336 |
|
| 245 | 1 | 0 |
_aCocibolca _cSALOM, Lluís |
| 260 |
_aBarcelona _c1990 _bIngoprint |
||
| 942 |
_cMON _2udc |
||
| 999 |
_c478 _d478 |
||